[Event "La Paz Casa Argentina op"]
[Site "La Paz"]
[Date "2023.07.07"]
[Round "4"]
[White "Martinez, Ariel A"]
[Black "Bracamonte, Humberto"]
[Result "1-0"]
[WhiteElo "2156"]
[BlackElo "1683"]
[PlyCount "73"]
[EventDate "2023.07.06"]
[EventType "swiss"]
[EventRounds "7"]
[EventCountry "BOL"]
[SourceTitle "CBM 215 Extra"]
[Source "ChessBase"]
[SourceDate "2023.09.30"]
[SourceVersion "1"]
[SourceVersionDate "2023.09.30"]
[SourceQuality "1"]

1. e4 c5 2. Nf3 e6 3. d4 cxd4 4. Nxd4 a6 5. Bd3 Qc7 6. 0-0 Nf6 7. c3 b6 8. f4 d6 9. Qe1 Nbd7 10. Nd2 Bb7 11. Bb1 e5 12. Nf5 g6 13. fxe5 dxe5 14. Ne3 Bg7 15. c4 0-0 16. Nd5 Bxd5 17. cxd5 b5 18. Nf3 Rfc8 19. Bd2 a5 20. Kh1 Qb6 21. Be3 Qd6 22. Bd3 b4 23. Rc1 Rab8 24. Ba7 Ra8 25. Bg1 Rab8 26. Qh4 a4 27. Nd2 Nb6 28. Qf2 Rxc1 29. Rxc1 Nbd7 30. Rc6 Qe7 31. Nf3 Nxe4 32. Bxe4 Nf6 33. d6 Qd7 34. Rc7 Qxd6 35. Rxf7 Kh8 36. Qa7 Bh6 37. Rxf6 1-0

[Event "Tarija op"]
[Site "Tarija"]
[Date "2023.04.08"]
[Round "5"]
[White "Mendoza, Rodrigo"]
[Black "Bracamonte, Humberto"]
[Result "1-0"]
[WhiteElo "2208"]
[BlackElo "1604"]
[PlyCount "67"]
[EventDate "2023.04.06"]
[EventType "swiss"]
[EventRounds "7"]
[EventCountry "BOL"]
[SourceTitle "EXT 2024"]
[Source "ChessBase"]
[SourceDate "2023.10.10"]
[SourceVersion "1"]
[SourceVersionDate "2023.10.10"]
[SourceQuality "1"]

1. c4 Nf6 2. d4 e6 3. Nf3 Bb4+ 4. Bd2 Qe7 5. Nc3 Bxc3 6. Bxc3 Ne4 7. Rc1 Nxc3 8. Rxc3 d6 9. g3 Nd7 10. Bg2 0-0 11. 0-0 Nf6 12. Re1 e5 13. h3 Bf5 14. Qb3 Be4 15. Re3 c5 16. dxe5 dxe5 17. g4 Bxf3 18. exf3 Qc7 19. Rxe5 Rfe8 20. f4 Rab8 21. Qb5 Rxe5 22. Rxe5 Nd7 23. Re7 Rd8 24. Bd5 Kh8 25. Rxf7 Qd6 26. Qxb7 h6 27. Qc6 Qxc6 28. Bxc6 Nb6 29. b3 Rc8 30. Be4 Rd8 31. Rxa7 Rd4 32. f3 Kg8 33. Rb7 Nd7 34. Bd5+ 1-0

[Event "Tarija op"]
[Site "Tarija"]
[Date "2023.04.06"]
[Round "2"]
[White "Balcera, Carlos"]
[Black "Bracamonte, Humberto"]
[Result "1/2-1/2"]
[WhiteElo "1842"]
[BlackElo "1604"]
[PlyCount "64"]
[EventDate "2023.04.06"]
[EventType "swiss"]
[EventRounds "7"]
[EventCountry "BOL"]
[SourceTitle "EXT 2024"]
[Source "ChessBase"]
[SourceDate "2023.10.10"]
[SourceVersion "1"]
[SourceVersionDate "2023.10.10"]
[SourceQuality "1"]

1. d4 Nf6 2. c4 e6 3. g3 Bb4+ 4. Bd2 Qe7 5. Bg2 Nc6 6. Nf3 Bxd2+ 7. Nbxd2 d6 8. 0-0 0-0 9. a3 e5 10. d5 Nb8 11. e4 Bg4 12. Qc2 Bxf3 13. Nxf3 a5 14. b4 Na6 15. Rab1 Rfc8 16. Ne1 axb4 17. axb4 c6 18. dxc6 bxc6 19. Nd3 Nd7 20. Rfc1 Rcb8 21. Bf1 c5 22. b5 Nc7 23. Ra1 Nb6 24. Nb2 Ne6 25. Na4 Nd4 26. Qd1 Qb7 27. Nxb6 Qxb6 28. Rxa8 Rxa8 29. Ra1 Rxa1 30. Qxa1 g6 31. Bh3 Qb7 32. Bg2 Kf8 1/2-1/2

[Event "Santa Cruz op 5th"]
[Site "Santa Cruz"]
[Date "2023.02.18"]
[Round "6"]
[White "Cueto Chajtur, Johny"]
[Black "Bracamonte, Humberto"]
[Result "1-0"]
[WhiteElo "2134"]
[BlackElo "1613"]
[PlyCount "61"]
[EventDate "2023.02.16"]
[EventType "swiss"]
[EventRounds "7"]
[EventCountry "BOL"]
[SourceTitle "CBM 212 Extra"]
[Source "ChessBase"]
[SourceDate "2023.03.31"]
[SourceVersion "1"]
[SourceVersionDate "2023.03.31"]
[SourceQuality "1"]

1. d4 Nf6 2. Nf3 e6 3. Nbd2 Be7 4. e4 d6 5. Bd3 Nbd7 6. 0-0 c5 7. e5 Nd5 8. Ne4 dxe5 9. dxe5 b6 10. a3 Bb7 11. c4 Nc7 12. Qc2 Na6 13. Bf4 Nab8 14. Rad1 Nc6 15. Rfe1 h6 16. h4 0-0 17. Qd2 Re8 18. Bc2 Nf8 19. Qe3 Qc7 20. Nf6+ Bxf6 21. exf6 e5 22. Bxh6 gxf6 23. Nd2 Ng6 24. h5 Nd4 25. Bb1 Bxg2 26. hxg6 Bb7 27. Qg3 Qc6 28. Be4 Qd7 29. Bxb7 Qxb7 30. gxf7+ Kh8 31. Qg7# 1-0

[Event "Santa Cruz op 5th"]
[Site "Santa Cruz"]
[Date "2023.02.17"]
[Round "4"]
[White "Amelunge Moreno, Oscar Alejandro"]
[Black "Bracamonte, Humberto"]
[Result "0-1"]
[WhiteElo "1103"]
[BlackElo "1613"]
[PlyCount "68"]
[EventDate "2023.02.16"]
[EventType "swiss"]
[EventRounds "7"]
[EventCountry "BOL"]
[SourceTitle "CBM 212 Extra"]
[Source "ChessBase"]
[SourceDate "2023.03.31"]
[SourceVersion "1"]
[SourceVersionDate "2023.03.31"]
[SourceQuality "1"]

1. Nf3 c5 2. d4 cxd4 3. Nxd4 g6 4. g3 Bg7 5. Bg2 Nc6 6. Nxc6 bxc6 7. 0-0 Nf6 8. Nc3 0-0 9. e4 Ba6 10. Re1 Rb8 11. Rb1 Ne8 12. Bh3 Bxc3 13. Bh6 Bxe1 14. Bxf8 Bxf2+ 15. Kxf2 Kxf8 16. Qf3 Nd6 17. Kg2 Nc4 18. Rd1 d5 19. Be6 Ne5 20. Qf4 Qd6 21. Bh3 Kg7 22. exd5 cxd5 23. Re1 f6 24. b3 d4 25. Rd1 d3 26. cxd3 Bxd3 27. Bg4 Nxg4 28. Qxg4 h5 29. Qf3 Be4 30. Qxe4 Qxd1 31. Qxe7+ Kh6 32. Qe3+ g5 33. Qc3 Qe2+ 34. Kh3 g4+ 0-1

[Event "Santa Cruz op 5th"]
[Site "Santa Cruz"]
[Date "2023.02.17"]
[Round "3"]
[White "Cortez Chuviru, Gael Marbel"]
[Black "Bracamonte, Humberto"]
[Result "0-1"]
[WhiteElo "1195"]
[BlackElo "1613"]
[PlyCount "90"]
[EventDate "2023.02.16"]
[EventType "swiss"]
[EventRounds "7"]
[EventCountry "BOL"]
[SourceTitle "CBM 212 Extra"]
[Source "ChessBase"]
[SourceDate "2023.03.31"]
[SourceVersion "1"]
[SourceVersionDate "2023.03.31"]
[SourceQuality "1"]

1. d4 Nf6 2. Bf4 e6 3. e3 d5 4. Nf3 Bd6 5. Bg3 c5 6. c3 0-0 7. Bd3 Qc7 8. Ne5 Nc6 9. f4 b6 10. Nd2 Bb7 11. 0-0 Ne7 12. Qf3 Ng6 13. f5 Nxe5 14. dxe5 Bxe5 15. fxe6 fxe6 16. Bxe5 Qxe5 17. Qh3 Rae8 18. Kh1 Qd6 19. Rf4 e5 20. Rh4 e4 21. Be2 Bc8 22. Qg3 Qxg3 23. hxg3 g5 24. Rh6 Kg7 25. Rh2 Ng4 26. Bxg4 Bxg4 27. Kg1 Rf7 28. Re1 Ref8 29. Rf1 h5 30. Rxf7+ Rxf7 31. c4 d4 32. exd4 e3 33. Nf3 cxd4 34. Nxd4 e2 35. Nxe2 Bxe2 36. Rh3 Rf1+ 37. Kh2 Bg4 38. Rxh5 Bxh5 39. g4 Bxg4 40. Kg3 Be6 41. b3 Ra1 42. a4 Ra3 43. c5 Rxb3+ 44. Kf2 bxc5 45. a5 c4 0-1

[Event "La Paz op"]
[Site "La Paz"]
[Date "2022.09.15"]
[Round "1"]
[White "Bracamonte, Humberto"]
[Black "Antezana Cordova, Hugo Alexis"]
[Result "1-0"]
[WhiteElo "1628"]
[BlackElo "1076"]
[PlyCount "39"]
[EventDate "2022.09.15"]
[EventType "swiss"]
[EventRounds "7"]
[EventCountry "BOL"]
[SourceTitle "EXT 2023"]
[Source "ChessBase"]
[SourceDate "2022.10.05"]
[SourceVersion "1"]
[SourceVersionDate "2022.10.05"]
[SourceQuality "1"]

1. e4 e5 2. Nf3 Nc6 3. Bb5 Nf6 4. d3 h6 5. c3 a6 6. Bxc6 dxc6 7. Nxe5 Bd6 8. Nf3 Bg4 9. h3 Bxf3 10. Qxf3 0-0 11. 0-0 c5 12. Nd2 Nd7 13. Nc4 Ne5 14. Nxe5 Bxe5 15. Qe2 Qf6 16. f4 Qb6 17. fxe5 c4+ 18. d4 Rae8 19. Be3 Qxb2 20. Qxb2 1-0

[Event "Santa Cruz Dario Cup"]
[Site "Santa Cruz"]
[Date "2022.08.28"]
[Round "6"]
[White "Monroy Carrizo, Javier"]
[Black "Bracamonte, Humberto"]
[Result "1-0"]
[WhiteElo "1844"]
[BlackElo "1563"]
[PlyCount "61"]
[EventDate "2022.08.26"]
[EventType "swiss"]
[EventRounds "7"]
[EventCountry "BOL"]
[SourceTitle "CBM 210 Extra"]
[Source "ChessBase"]
[SourceDate "2022.11.30"]
[SourceVersion "1"]
[SourceVersionDate "2022.11.30"]
[SourceQuality "1"]

1. d4 Nf6 2. Nf3 e6 3. g3 b6 4. Bg2 Bb7 5. 0-0 c5 6. e3 d5 7. Ne5 Bd6 8. c4 cxd4 9. exd4 Qc7 10. Nc3 a6 11. cxd5 Nxd5 12. Nxd5 Bxd5 13. Bxd5 exd5 14. Qf3 Qb7 15. Nc4 Be7 16. Ne3 Ra7 17. Nxd5 0-0 18. Nxe7+ Qxe7 19. Bd2 Nd7 20. a3 a5 21. Rac1 Nf6 22. Rc6 Rb7 23. Bg5 Rd8 24. Rxf6 gxf6 25. Bxf6 Qe6 26. Bxd8 Rd7 27. Bf6 Rc7 28. Kg2 Rc2 29. Re1 Qc8 30. Qg4+ Kf8 31. Qg7# 1-0

[Event "Pan American-ch U16"]
[Site "Montevideo"]
[Date "2022.06.27"]
[Round "3"]
[White "Bracamonte, Humberto"]
[Black "Montes Orozco, Miguel Angel"]
[Result "0-1"]
[WhiteElo "1562"]
[BlackElo "2120"]
[PlyCount "116"]
[EventDate "2022.06.26"]
[EventType "swiss"]
[EventRounds "9"]
[EventCountry "URU"]
[SourceTitle "EXT 2023"]
[Source "ChessBase"]
[SourceDate "2022.10.05"]
[SourceVersion "1"]
[SourceVersionDate "2022.10.05"]
[SourceQuality "1"]

1. e4 e5 2. Nf3 Nc6 3. Bb5 a6 4. Ba4 Nf6 5. d3 b5 6. Bb3 Bc5 7. 0-0 0-0 8. Bg5 h6 9. Bh4 g5 10. Bg3 d6 11. Qd2 Nh5 12. Bd5 Bd7 13. c3 Nxg3 14. hxg3 Qf6 15. Na3 Rad8 16. Nc2 Ne7 17. Ne3 c6 18. Bb3 h5 19. d4 Bb6 20. Rad1 Kh8 21. dxe5 dxe5 22. Qd6 Qxd6 23. Rxd6 f6 24. Rfd1 Bc8 25. Rxd8 Bxd8 26. Bf7 h4 27. gxh4 g4 28. Nh2 Bb6 29. Bh5 g3 30. Nhf1 f5 31. exf5 Nxf5 32. Rd2 gxf2+ 33. Rxf2 Kg7 34. Re2 Bxe3+ 35. Rxe3 Nxe3 36. Nxe3 Be6 37. b3 Rg8 38. Bf3 c5 39. h5 Rd8 40. g4 Kh6 41. Kf2 Rd2+ 42. Kg3 Rd3 43. Kf2 Rxc3 44. Nf1 e4 45. Bxe4 Bxg4 46. Ne3 Kxh5 47. Nd5 Rc1 48. Ke3 Kg5 49. Kd3 Ra1 50. Nc3 Bf5 51. a4 b4 52. Bxf5 Kxf5 53. Nd5 Rc1 54. Nc7 Rc3+ 55. Kd2 a5 56. Nd5 Rxb3 57. Ne3+ Rxe3 58. Kxe3 Ke5 0-1

[Event "Pan American-ch U16"]
[Site "Montevideo"]
[Date "2022.06.26"]
[Round "1"]
[White "Bracamonte, Humberto"]
[Black "Galaviz Medina, Atlas Adomaitis"]
[Result "0-1"]
[WhiteElo "1562"]
[BlackElo "2096"]
[PlyCount "54"]
[EventDate "2022.06.26"]
[EventType "swiss"]
[EventRounds "9"]
[EventCountry "URU"]
[SourceTitle "EXT 2023"]
[Source "ChessBase"]
[SourceDate "2022.10.05"]
[SourceVersion "1"]
[SourceVersionDate "2022.10.05"]
[SourceQuality "1"]

1. e4 c5 2. Nc3 Nc6 3. g3 g6 4. Bg2 Bg7 5. d3 e5 6. Be3 d6 7. Qd2 h6 8. h3 Nge7 9. Nge2 Nd4 10. Nd1 d5 11. c3 Nxe2 12. Bxc5 Nxg3 13. fxg3 d4 14. 0-0 b6 15. Ba3 Be6 16. g4 Nc6 17. c4 Bf6 18. b4 Bg5 19. Qe2 h5 20. Nf2 Be3 21. b5 hxg4 22. bxc6 Qg5 23. Kh1 g3 24. Bc1 gxf2 25. Rxf2 Bxh3 26. Bxh3 Rxh3+ 27. Rh2 Qg1# 0-1

[Event "Pan American-ch U20"]
[Site "Cochabamba"]
[Date "2019.08.01"]
[Round "1"]
[White "Bracamonte, Humberto"]
[Black "Johnson, Joshua"]
[Result "0-1"]
[WhiteElo "1516"]
[BlackElo "2241"]
[PlyCount "58"]
[EventDate "2019.08.01"]
[EventType "swiss"]
[EventRounds "9"]
[EventCountry "BOL"]
[SourceTitle "EXT 2020"]
[Source "ChessBase"]
[SourceDate "2019.10.17"]
[SourceVersion "1"]
[SourceVersionDate "2019.10.17"]
[SourceQuality "1"]

1. e4 e5 2. Nf3 Nc6 3. Bb5 g6 4. 0-0 Bg7 5. c3 a6 6. Ba4 Nge7 7. d4 exd4 8. cxd4 d6 9. d5 b5 10. dxc6 bxa4 11. Qxa4 0-0 12. e5 dxe5 13. Be3 Qd6 14. Rc1 Re8 15. Nbd2 Bf5 16. Nb3 Bd3 17. Na5 e4 18. Nd4 Nd5 19. Nb7 Qf6 20. Rc5 Nxe3 21. fxe3 Bh6 22. Re1 Bxe3+ 23. Kh1 Bxd4 24. Rcc1 Bf2 25. Red1 Re5 26. Qb4 Rh5 27. h3 Rxh3+ 28. gxh3 Qf3+ 29. Kh2 Qg3+ 0-1